Destination Sciences Po. Questions contemporaines 2025 - Concours commun IEP : Le Corps. Les solidarités (notice n° 1568001)
[ vue normale ]
| 000 -LEADER | |
|---|---|
| fixed length control field | 01250cam a2200205 4500500 |
| 005 - DATE AND TIME OF LATEST TRANSACTION | |
| control field | 20251214003829.0 |
| 041 ## - LANGUAGE CODE | |
| Language code of text/sound track or separate title | fre |
| 042 ## - AUTHENTICATION CODE | |
| Authentication code | dc |
| 100 10 - MAIN ENTRY--PERSONAL NAME | |
| Personal name | Bozonnet, Grégory |
| Relator term | author |
| 245 00 - TITLE STATEMENT | |
| Title | Destination Sciences Po. Questions contemporaines 2025 - Concours commun IEP : Le Corps. Les solidarités |
| 260 ## - PUBLICATION, DISTRIBUTION, ETC. | |
| Name of publisher, distributor, etc. | Armand Colin,<br/> |
| Date of publication, distribution, etc. | 2024.<br/> |
| 520 ## - SUMMARY, ETC. | |
| Summary, etc. | Le manuel de référenceLa méthodologie détaillée de la dissertationLe cours complet sur les deux thèmesUne approche multidisciplinaire: histoire, sociologie, droit, relations internationales, sciences politiques, sciences humaines…4 sujets corrigés100 auteurs clés et 20 citations20 exemples de dissertationsPréparez-vous à l’épreuve de questions contemporainesIEP d’Aix-en-ProvenceIEP de LilleIEP de LyonIEP de RennesIEP de Saint-Germain-en-LayeIEP de StrasbourgIEP de Toulouse |
| 700 10 - ADDED ENTRY--PERSONAL NAME | |
| Personal name | Dacos, Antonin |
| Relator term | author |
| 700 10 - ADDED ENTRY--PERSONAL NAME | |
| Personal name | Dross, Héloïse |
| Relator term | author |
| 700 10 - ADDED ENTRY--PERSONAL NAME | |
| Personal name | Elia, Antonin |
| Relator term | author |
| 700 10 - ADDED ENTRY--PERSONAL NAME | |
| Personal name | Fer, Hugo |
| Relator term | author |
| 700 10 - ADDED ENTRY--PERSONAL NAME | |
| Personal name | Fer, Héloïse |
| Relator term | author |
| 700 10 - ADDED ENTRY--PERSONAL NAME | |
| Personal name | Keltz, Charlotte |
| Relator term | author |
| 856 41 - ELECTRONIC LOCATION AND ACCESS | |
| Uniform Resource Identifier | <a href="https://shs.cairn.info/destination-sciences-po-questions-contemporaines-2025-concours-commun-iep--9782200638771?lang=fr&redirect-ssocas=7080">https://shs.cairn.info/destination-sciences-po-questions-contemporaines-2025-concours-commun-iep--9782200638771?lang=fr&redirect-ssocas=7080</a> |
Pas d'exemplaire disponible.




Réseaux sociaux